000
00202nam a22000857a 4500
008
161122b xxu||||| |||| 00| 0 eng d
100
_9
1314
_a
Palacios.A.
245
_a
Viva Mexico A Story
260
_a
USA
_c
1997
999
_c
4027
_d
4027